000 01094nam0a22002651 4500
001 rc\624183
005 20260406044203.0
035 _a(NLR Aleph) 005866939
090 _a5938139
_c5938139
100 _a20031121d1986 |||y0rusy50 ca
101 0 _arus
102 _aRU
105 _aa |||||||||
200 1 _aУльтрамафические пегматиты пироксенитдунитовых массивов Платиноносного пояса Урала
210 _aСвердловск
_cИГИГ
_d1986
215 _a58 с.
_cил.
_d19
225 1 _aНаучные доклады
_eПрепринт
_fАН СССР. Ур. науч. центр, Ин-т геологии и геохимии им. А.Н. Заварицкого
320 _aБиблиогр.: с. 53-56
700 1 _8rus
_7ca
_aИванов
_bО. К.
_cд-р геол.-минерал. наук
_f1938-2020
_gОлег Константинович
_3RU\NLR\AUTH\774116
_9114102
801 0 _aRU
_bNLR
_gpsbo
801 1 _aRU
_bELAR
_2rusmarc
852 _aNLR
_j88-4/5446
942 _cBOOK
980 _aNB